00398pab a2200145 454500008004000000100001900040245008900059260000900148300001400157362000800171650002000179650001300199700002200212773001800234180718b2005 xxu||||| |||| 00| 0 eng d aCheshire, Paul aThe introduction of price signals into land use planning decision-making: a proposal c2005 ap.647-63. aApr aDecision making aLand use aSheppard, Stephen aUrban Studies